00794nam a2200277 4500001001100000003000900011005001700020007001100037008004100048016001300089017000900102020001500111035000600126040002500132041001100157080000600168100002200174240002500196245009000221260003400311300002200345490004600367700002100413700003600434830004600470 000437058DO-SdBNP20180202104833.0 000437058950330s1994 sp | ||| ||spa 7 a 2BPMSU a b  a8448030214 a  aBPMSUbspacBPMSUe 1 aspah  0a 1 aThompson, Paul B.10aFirstbornlEspañol13aEl primogénito /h cPaul B. Thompson, Tonya R. Carter ; traducción, Mila López aBarcelona :bTimun Mas,c1994 av. bil.c23 cm. 1 aDragonlance, las naciones élficasvv. 11 aCarter, Tonya R.1 aLópez Díaz-Guerra, Milagros 0aDragonlance, l p Las naciones élficas